|
|
|
|
| LEADER |
02479nam a2200457 a 4500 |
| 001 |
EBC432142 |
| 003 |
MiAaPQ |
| 005 |
20200520144314.0 |
| 006 |
m o d | |
| 007 |
cr cn||||||||| |
| 008 |
061215s2007 iluab sb 001 0 eng |
| 010 |
|
|
|z 2006101997
|
| 020 |
|
|
|z 9780226185002 (cloth : alk. paper)
|
| 020 |
|
|
|z 0226185001 (cloth : alk. paper)
|
| 035 |
|
|
|a (MiAaPQ)EBC432142
|
| 035 |
|
|
|a (Au-PeEL)EBL432142
|
| 035 |
|
|
|a (CaPaEBR)ebr10275456
|
| 035 |
|
|
|a (CaONFJC)MIL200483
|
| 035 |
|
|
|a (OCoLC)313470787
|
| 040 |
|
|
|a MiAaPQ
|c MiAaPQ
|d MiAaPQ
|
| 043 |
|
|
|a cl-----
|
| 050 |
|
4 |
|a HC125
|b .D384 2007
|
| 082 |
0 |
4 |
|a 330.98
|2 22
|
| 245 |
0 |
4 |
|a The decline of Latin American economies
|h [electronic resource] :
|b growth, institutions, and crises /
|c edited by Sebastian Edwards, Gerardo Esquivel, and Graciela Marquez.
|
| 260 |
|
|
|a Chicago :
|b University of Chicago Press,
|c 2007.
|
| 300 |
|
|
|a viii, 418 p. :
|b ill., maps.
|
| 490 |
1 |
|
|a A National Bureau of Economic Research conference report
|
| 504 |
|
|
|a Includes bibliographical references and indexes.
|
| 505 |
0 |
0 |
|t When did Latin America fall behind? /
|r Leandro Prados de la Escosura --
|t Before the Golden Age /
|r Pedro Lains --
|t Inequality and the evolution of institutions of taxation /
|r Kenneth L. Sokoloff and Eric M. Zolt --
|t Financial crises, 1880-1913 /
|r Michael D. Bordo and Christopher M. Meissner --
|t True measure of country risk /
|r Gerardo della Paolera and Martin Grandes --
|t Related lending /
|r Noel Maurer and Stephen Haber --
|t Sudden stops and currency drops /
|r Luis A. V. Catao --
|t Establishing credibility /
|r Sebastian Edwards --
|t Some economic effects of closing the economy /
|r Gerardo Esquivel and Graciela Marquez --
|t Political economy of protectionism /
|r Aurora Gomez-Galvarriato.
|
| 533 |
|
|
|a Electronic reproduction. Ann Arbor, MI : ProQuest, 2015. Available via World Wide Web. Access may be limited to ProQuest affiliated libraries.
|
| 651 |
|
0 |
|a Latin America
|x Economic conditions.
|
| 651 |
|
0 |
|a Latin America
|x Economic policy.
|
| 651 |
|
0 |
|a Latin America
|x Politics and government.
|
| 651 |
|
0 |
|a Latin America
|x History.
|
| 655 |
|
4 |
|a Electronic books.
|
| 700 |
1 |
|
|a Edwards, Sebastian,
|d 1953-
|
| 700 |
1 |
|
|a Esquivel, Gerardo.
|
| 700 |
1 |
|
|a Marquez, Graciela.
|
| 710 |
2 |
|
|a ProQuest (Firm)
|
| 830 |
|
0 |
|a National Bureau of Economic Research conference report.
|
| 856 |
4 |
0 |
|u https://ebookcentral.proquest.com/lib/matrademy/detail.action?docID=432142
|z Click to View
|